000 01316cam a22002054a 4500
005 20250605164051.0
008 250528s ||||||||||||||||||||||||d
035 _a17273
020 _a77078365
040 _aGR-AtMCL
_bgre
_dGR-AtMCL
_eAACR2
245 1 _aEuropean Economic Integration and Sustainable Development / Institutions,Issues and Policies
260 _bMcgraw Hill Book Company,
_c1996
300 _a320
520 _aA comprehensive examination of the objectives, institutions and on-going development of the European Community as a unique supranational entity. Preface, Acknowledgements, Introduction - Setting the Scene, Origins and Functions and Institutions, The European Community and Its Economic Context, The Structure and Institutions of the European Community, Policies for Economic Integration, The Foundations of the European Single Market, Competition Policy, Economic and Monetary Union, Widening Policy Responsibilities, Towards Sustainable Development, Environmental Policies, Transport Policy, Policies for Agriculture and Rural Development, The External Dimension, The European Community's External Relations, In Conclusion, Further Reading, Index.
700 1 _aBarrass Robert
_93433
700 1 _aMadhavan Shobhana
_93434
942 _cBK
999 _c2701
_d2701